| 000 | 00836nmc a2200313 a 4500 | ||
|---|---|---|---|
| 003 | AR-BaBNM | ||
| 005 | 20251128203954.0 | ||
| 008 | 151020s1999 ||||||||||||||000 | spa|| | ||
| 020 | _a987-9380-14-2 | ||
| 040 | _cAR-BaBNM | ||
| 100 | 1 | _aBoixados, Roxana Edith | |
| 245 | 1 | 0 | _aLos aztecas |
| 260 |
_aBuenos Aires _bLibros del Quirquincho _c1999 |
||
| 300 | 0 |
_a63 p. _bil. |
|
| 490 | 0 |
_aLa otra historia _vv. 5 |
|
| 504 | _aContiene bibliografĂa | ||
| 600 | 1 | 4 | _aCortes, Hernan |
| 650 | 4 | _aCONQUISTA DE AMERICA | |
| 650 | 4 | _aAZTECAS | |
| 650 | 4 | _aLITERATURA INFANTIL | |
| 651 | 4 | _aMéxico | |
| 653 | 0 | _aCULTURAS PRECOLOMBINAS | |
| 653 | 0 | _aCONQUISTA DE MEXICO | |
| 653 | 0 | _aCIVILIZACIONES PRECOLOMBINAS | |
| 700 | 1 | _aPalermo, Miguel Angel | |
| 700 | 1 |
_aRojas, Oscar _eilustrador |
|
| 942 | _cBK | ||
| 998 | _cMariana | ||
| 999 |
_c5661 _d5661 |
||